La ciudad del lodo: 1564-1572. Estudio cerca del primitivo asiento de la ciudad de Cartago en el Valle del Guarco

-д хадгалсан:
Номзүйн дэлгэрэнгүй
Үндсэн зохиолч: Meléndez Chaverri, Carlos (autor)
Формат: Ном
Хэл сонгох:испани
Хэвлэсэн: San José Rodrigo Facio 1962
Цуврал:Historia y Geografía: 5
Нөхцлүүд:
Шошгууд: Шошго нэмэх
Шошго байхгүй, Энэхүү баримтыг шошголох эхний хүн болох!

MARC

LEADER 00000nam a2200000 a 4500
001 UCO1035
003 CL-VaPUC
008 000505e19620000cr |||||||||||||||||spa|d
082 0 4 |a 972.86  |b MEL  |2 21 
100 |a Meléndez Chaverri, Carlos  |e autor  |9 437790 
245 1 3 |a La ciudad del lodo: 1564-1572. Estudio cerca del primitivo asiento de la ciudad de Cartago en el Valle del Guarco 
300 |a 48 p 
942 |c BK 
945 |d 20000505 00:00:00  |a crobeson 
260 |a San José  |b Rodrigo Facio  |c 1962 
650 0 |a Historia  |9 255047 
650 0 |a Geografía  |9 259346 
651 0 |a Costa Rica   |9 225304 
583 |a last modification  |c 20171211 02:50:54  |k Rodrigo Vera 
490 0 |a Historia y Geografía: 5 
999 |c 287669  |d 287667 
952 |0 0  |1 0  |4 0  |6 972_860000000000000_MEL_1962  |7 0  |8 A  |9 334615  |a BIBHIS  |b BIBHIS  |d 2019-11-20  |i 1272969  |o 972.86 MEL 1962  |p 1272969  |r 2025-01-20  |w 2019-11-20  |y BK  |k HIS